All ACC Teams - Statistics

General Stats
  • This quiz has been taken 95 times
  • The average score is 16 of 17
Answer Stats
Hint Answer % Correct
Seminoles Florida St
99%
Hurricanes Miami (FL)
99%
Golden Bears Cal
97%
Blue Devils Duke
97%
Cavaliers Virginia
97%
Tigers Clemson
96%
Yellow Jackets Georgia Tech
96%
Orange Syracuse
96%
Cardinals Louisville
95%
Wolfpack NC St
95%
Hokies Virginia Tech
92%
Eagles Boston College
91%
Tar Heels UNC
91%
Demon Deacons Wake Forest
91%
Mustangs SMU
89%
Cardinal Stanford
89%
Panthers Pitt
68%
No matching quizzes found
Score Distribution
Percent of People with Each Score
Percentile by Number Answered
Your Score History
You have not taken this quiz